Multiple-Choice-Stadtquiz Freiburg im Breisgau - Statistiken

Allgemein
  • Dieses Quiz wurde 1.470 mal gespielt
  • Das Durchschnittsergebnis liegt bei 7 aus 10
Antwortstatistiken
Frage Antwort % Korrekt
In welchem Bundesland liegt Freiburg im Breisgau? Baden-Württemberg
98%
Welche Nachbarländer sind von Freiburg aus schnell erreichbar? Frankreich und Schweiz
96%
Welches Mittelgebirge grenzt direkt an Freiburg? Schwarzwald
96%
Was macht das Freiburger Stadtklima im Vergleich zum Rest Deutschlands besonders? Es gehört zu den wärmsten und sonnigsten Regionen Deutschlands
86%
Wie nennt man die kleinen Wasserläufe, die durch die Altstadt fließen? Bächle
77%
Welcher Fluss fließt durch Freiburg? Dreisam
75%
Welche dieser Aussagen trifft zu? Freiburg ist die südlichste Großstadt Deutschlands
72%
Welches Gebäude prägt die Altstadt von Freiburg am meisten? Freiburger Münster
70%
Wie heißt die Erhebung östlich der Altstadt, von wo aus man einen einzigartigen Rundblick auf Freiburg und die Umgebung hat? Schlossberg
41%
Welches ist das älteste und gleichzeitig wohl bekannteste noch erhaltene Stadttor in Freiburg? Martinstor
31%
Keine übereinstimmenden Quizze gefunden
Verteilung der Resultate
Anzahl Personen mit jedem Resultat
Perzentil nach korrekt beantworteten Fragen
Ihre Resultats-Entwicklung
Sie haben dieses Quiz noch nicht gespielt